00790nam a22002535a 450000500170000000800410001701000170005802000270007502000240010203500170012603700150014304000170015808200060017510000230018124500360020426000740024027000500031430000110036449000390037550000330041465500280044765500310047565500300050620091209144723.0080103s2008 nyu 000 0 eng  aB-385309-323 a9781416961697 c125.00 a1416961690 c125.00 aB-385309-323 bBlueberry  adplbEngish  aS aDixon, Franklin W. aHaunted /cby Franklin W. Dixon aNew YorkbAladdin Paperbacks, Simon and Schuster Childrens Pub.c2008 a1230 Avenue of the America, bNew Yorke10020 a183 p. aThe hardy boys undercover brothers aSpecial ghost stories editon aMystery fiction.2gsafd aYoung adult fiction.2lcsh aChildren's stories.2lcsh